|
|
|
|
| LEADER |
01926nam a2200373 a 4500 |
| 001 |
15277950 |
| 003 |
BD-DhAAL |
| 005 |
20241211153926.0 |
| 008 |
091103s2009 at a b 001 0 eng d |
| 010 |
|
|
|a 2007905316
|
| 020 |
|
|
|a 9780495102083
|
| 020 |
|
|
|a 0495102083
|
| 020 |
|
|
|a 9780495595212
|
| 020 |
|
|
|a 0495595217
|
| 040 |
|
|
|a DLC
|c DLC
|d BD-DhAAL
|
| 050 |
0 |
0 |
|a BF637.C6
|b C574 2009
|
| 082 |
0 |
4 |
|a 158/.3
|2 22
|
| 100 |
1 |
|
|a Corey, Gerald.
|9 10499
|
| 245 |
1 |
0 |
|a Theory and practice of counseling and psychotherapy /
|c Gerald Corey.
|
| 250 |
|
|
|a Eighth edition.
|
| 260 |
|
|
|a Australia ;
|a Belmont, CA :
|b Thomson/Brooks/Cole,
|c c2009.
|
| 300 |
|
|
|a xix, 519 pages :
|b illustrations ;
|c 24 cm.
|
| 500 |
|
|
|a International Student Edition.
|
| 504 |
|
|
|a Includes bibliographical references and indexes.
|
| 526 |
|
|
|x Fahmida Sadia Rahman
ESS
Course name and no. N/A
|
| 541 |
1 |
|
|a Dhanshiri Library
|e 00019475
|
| 650 |
|
0 |
|a Counseling.
|
| 650 |
|
0 |
|a Psychotherapy.
|
| 852 |
4 |
|
|a Ayesha Abed Library
|j General Shelf.
|
| 942 |
|
|
|2 ddc
|c BK
|
| 999 |
|
|
|c 5065
|d 5065
|
| 952 |
|
|
|0 0
|1 0
|2 ddc
|4 0
|6 158_300000000000000_COR
|7 0
|9 4907
|a BRACUL
|b BRACUL
|c GEN
|d 2009-11-02
|e Dhanshiri Library
|g 5300.00
|l 1
|m 4
|o 158.3 COR
|p 3010019475
|r 2024-10-30
|s 2024-09-28
|t 1
|v 10600.00
|w 2009-11-03
|y BK
|x Requisitioned by Fahmida Sadia Rahman. Department of ESS. Course name and no. N/A
|
| 952 |
|
|
|0 0
|1 0
|2 ddc
|4 0
|6 158_300000000000000_COR
|7 0
|9 4909
|a BRACUL
|b BRACUL
|c GEN
|d 2009-11-02
|e Dhanshiri Library
|g 5300.00
|l 2
|m 2
|o 158.3 COR
|p 3010019477
|r 2010-06-02
|s 2010-04-06
|t 3
|v 10600.00
|w 2009-11-03
|y BK
|x Requisitioned by Fahmida Sadia Rahman Department of ESS. Course name and no. N/A
|
| 952 |
|
|
|0 0
|1 0
|2 ddc
|4 0
|6 158_300000000000000_COR
|7 0
|9 4911
|a BRACUL
|b BRACUL
|c GEN
|d 2009-11-02
|e Dhanshiri Library
|g 5300.00
|l 2
|m 6
|o 158.3 COR
|p 3010019476
|r 2023-02-22
|s 2023-02-15
|t 2
|v 10600.00
|w 2009-11-03
|y BK
|x Requisitioned by Fahmida Sadia Rahman Department of ESS. Course name and no. N/A
|